000 00471nam a2200169Ia 4500
008 210210b1998 xxu||||| |||| 00| 0 eng d
082 _a658.001K PRAV
100 _aPRABHAKARA SHISHILA (Bi)
245 _aVyavaharika arthashastrada mulatatvagalu
260 _aMangalore
_bShrati printars mattu pablishars.
_c1998
300 _a416
650 _aVyavaharika
650 _amulatatvagalu
650 _aarthashastrada
690 _aBusiness Economics
906 _a053567
999 _c101761
_d101761